000 00333nam a2200145Ia 4500
008 150201s2010 xx 000 0 und d
082 _a616.01
_bM10K
100 _aKHAN , JOHRA
245 _aMICROBIOLOGY
250 _a1ST
260 _bVIKAS PUBLICATION
_aGGN
_c2010
300 _a1-152
650 _aMICROBIOLOGY
942 _2ddc
_cBK
999 _c1372
_d1372